Centrum chorvátskej kultúry, Jarovce

Enregistré dans:
Détails bibliographiques
Auteur principal: Zsoldosová, Jennifer (Auteur)
Autres auteurs: Oravcová, Eva (Directeur de thèse)
Format: Manuscrit Livre
Langue:slovaque
Publié: 2025
Sujets:
Accès en ligne:http://is.stuba.sk/zp/portal_zp.pl?podrobnosti=168471
Tags: Ajouter un tag
Pas de tags, Soyez le premier à ajouter un tag!

MARC

LEADER 00000ntm a22000003a 4500
001 stuzp104438
003 SK-STU
005 20250614213003.4
007 ta
008 150427s2015----xo-----f-mn---000-0-slo-d
040 |a STU  |b slo 
041 0 |a slo 
100 1 |a Zsoldosová, Jennifer  |u 058180  |4 aut  |U FAD Fakulta architektúry a dizajnu  |T FAD Ústav architektúry občianskych budov  |X 115787  |U A8180  |Y 399  |7 115787 
242 0 1 |a Croatian Cultural Center, Jarovce  |y eng 
245 1 0 |a Centrum chorvátskej kultúry, Jarovce 
260 |c 2025 
650 4 |a bachelor’s thesis  |2 eng 
650 4 |a architectural concept  |2 eng 
650 4 |a Croatian culture  |2 eng 
650 4 |a new building  |2 eng 
650 4 |a Jarovce  |2 eng 
650 4 |a bakalárska práca  |2 slo 
650 4 |a architektonický koncept  |2 slo 
650 4 |a chorvátska kultúra  |2 slo 
650 4 |a novostavba  |2 slo 
650 4 |a Jarovce  |2 slo 
700 1 |a Oravcová, Eva  |4 ths  |X 411  |7 A000000411 
856 4 |u http://is.stuba.sk/zp/portal_zp.pl?podrobnosti=168471